Computer information systems: an introduction (Record no. 79657)
[ view plain ]
| 000 -LEADER | |
|---|---|
| fixed length control field | 01117nam a2200241 a 4500 |
| 008 - FIXED-LENGTH DATA ELEMENTS--GENERAL INFORMATION | |
| fixed length control field | 080109s1983 ||||||||||||||||| || u |
| 020 ## - INTERNATIONAL STANDARD BOOK NUMBER | |
| International Standard Book Number | 0538103507 |
| 050 ## - LIBRARY OF CONGRESS CALL NUMBER | |
| Classification number | QA 76 Ada |
| 100 ## - MAIN ENTRY--PERSONAL NAME | |
| Personal name | Boyer, Terrence J |
| 245 10 - TITLE STATEMENT | |
| Title | Computer information systems: an introduction |
| 260 ## - PUBLICATION, DISTRIBUTION, ETC. | |
| Place of publication, distribution, etc. | Cincinnati : |
| Name of publisher, distributor, etc. | South-western Pub. Co |
| Date of publication, distribution, etc. | 1983 |
| 300 ## - PHYSICAL DESCRIPTION | |
| Extent | xxvi, 514p. : ill. |
| 350 ## - | |
| -- | 0.00 |
| 650 ## - SUBJECT ADDED ENTRY--TOPICAL TERM | |
| Topical term or geographic name entry element | ELECTRONIC DIGITAL COMPUTERS |
| 650 ## - SUBJECT ADDED ENTRY--TOPICAL TERM | |
| Topical term or geographic name entry element | DATA |
| 650 #0 - SUBJECT ADDED ENTRY--TOPICAL TERM | |
| Topical term or geographic name entry element | ELECTRONIC DATA PROCESSING |
| 700 ## - ADDED ENTRY--PERSONAL NAME | |
| Personal name | Wagner, Gerald E |
| 700 ## - ADDED ENTRY--PERSONAL NAME | |
| Personal name | Adams, David R. (David Robert), 1942- |
| 710 ## - ADDED ENTRY--CORPORATE NAME | |
| Corporate name or jurisdiction name as entry element | Data Processing Management Association. Education Foundation |
| 995 ## - | |
| -- | BINDERY (DAMAGED) |
| -- | 0.00 |
| -- | 713092 |
| -- | CBU-MAIN LIBRARY (Kitwe) |
| -- | 3 |
| -- | 31.20 |
| -- | QA 76 Ada |
| -- | 1 |
| -- | DAMAGED |
| -- | 010507 |
| -- | Main Library Open Access Collection |
| 995 ## - | |
| -- | MAIN LIBRARY OPEN ACCESS |
| -- | 0.00 |
| -- | 711337 |
| -- | CBU-MAIN LIBRARY (Kitwe) |
| -- | 4 |
| -- | 31.20 |
| -- | QA 76 Ada |
| -- | 2 |
| -- | AVAILABLE |
| -- | 010508 |
| -- | Main Library Open Access Collection |
| 995 ## - | |
| -- | ANNEX COLLECTION (Main Library) |
| -- | 0.00 |
| -- | 713094 |
| -- | CBU-MAIN LIBRARY (Kitwe) |
| -- | 2 |
| -- | 31.20 |
| -- | QA 76 Ada |
| -- | 3 |
| -- | AVAILABLE |
| -- | 010509 |
| -- | Annex Low-Usage Collection |
| 999 ## - | |
| -- | 79657 |
| -- | 79657 |
| Withdrawn status | Lost status | Source of classification or shelving scheme | Damaged status | Not for loan | Permanent Location | Current Location | Shelving location | Date acquired | Total Checkouts | Full call number | Barcode | Date last seen | Copy number | Price effective from | Koha item type |
|---|---|---|---|---|---|---|---|---|---|---|---|---|---|---|---|
| CBU-MAIN LIBRARY, KITWE. | CBU-MAIN LIBRARY, KITWE. | 06/29/2023 | QA 76 Ada | 010507 | 06/29/2023 | 1 | 06/29/2023 | MONOGRAPH | |||||||
| CBU-MAIN LIBRARY, KITWE. | CBU-MAIN LIBRARY, KITWE. | 06/29/2023 | QA 76 Ada | 010508 | 06/29/2023 | 2 | 06/29/2023 | MONOGRAPH | |||||||
| CBU-MAIN LIBRARY, KITWE. | CBU-MAIN LIBRARY, KITWE. | 06/29/2023 | QA 76 Ada | 010509 | 06/29/2023 | 3 | 06/29/2023 | MONOGRAPH |